Θεωρία συλλογικού κινδύνου
Αποθηκεύτηκε σε:
| Κύριος συγγραφέας: | |
|---|---|
| Μορφή: | Βιβλίο |
| Γλώσσα: | Greek |
| Δημοσίευση: |
Αθήνα :
Συμμετρία,
2011-2012.
|
| Θέματα: | |
| Ετικέτες: |
Προσθήκη ετικέτας
Δεν υπάρχουν, Καταχωρήστε ετικέτα πρώτοι!
|
MARC
| LEADER | 00000cam a2200000 i 4500 | ||
|---|---|---|---|
| 001 | 1/18400 | ||
| 008 | 120314m20112012gr | ||| |||| ||gre|| | ||
| 020 | |a 9789602663714 | ||
| 020 | |a 9789602663509 | ||
| 035 | |l 10112059 | ||
| 040 | |a GR-MyUA |b gre |e AACR2 | ||
| 041 | 0 | |a gre | |
| 082 | 0 | |a 368.01 |2 (22) | |
| 100 | 1 | |a Κωνσταντινίδης, Δημήτριος Γ. | |
| 245 | 1 | 0 | |a Θεωρία συλλογικού κινδύνου / |c Δημήτριος Γ. Κωνσταντινίδης. |
| 260 | |a Αθήνα : |b Συμμετρία, |c 2011-2012. | ||
| 300 | |a 2 τ. (263, 268 σ.) ; |c 24 εκ. | ||
| 504 | |a Περιέχει βιβλιογραφικές αναφορές και ευρετήριο. | ||
| 650 | 0 | 0 | |a Risk (Insurance) |x Mathematical models. |
| 852 | |a INST |b SAMOS |e 20131015 |h 368.01 ΚΩΝ |p 005300040673 |q 005300040673 |t BK |y 23 |z τ.2 | ||
| 852 | |a INST |b SAMOS |e 20131015 |h 368.01 ΚΩΝ |p 005300040673 |q 005300040673 |t BK |v τ.2: |y 23 |z τ.2 | ||
| 852 | |a INST |b SAMOS |c EUDOXUS |e 20130205 |h 368.01 ΚΩΝ |p 005300033465 |q 005300033465 |t EDX |y 0 |z τ.1 | ||
| 852 | |a INST |b SAMOS |c EUDOXUS |e 20130205 |h 368.01 ΚΩΝ |p 005300033466 |q 005300047566 |t EDX |y 0 |z τ.1 | ||
| 852 | |a INST |b SAMOS |c EUDOXUS |e 20120514 |h 368.01 ΚΩΝ |p 005300033807 |q 005300033807 |t EDX |y 0 |z τ.1 | ||
| 852 | |a INST |b SAMOS |c EUDOXUS |e 20120314 |h 368.01 ΚΩΝ |p 005300033945 |q 005300033945 |t EDX |y 0 |z τ.1 | ||
| 852 | |a INST |b SAMOS |c EUDOXUS |e 20131105 |h 368.01 ΚΩΝ |p 005300035974 |q 005300035974 |t EDX |y 0 |z τ.2 | ||
| 852 | |a INST |b SAMOS |c EUDOXUS |e 20140115 |h 368.01 ΚΩΝ |p 005300036270 |q 005300036270 |t EDX |y 0 |z τ.2 | ||
| 852 | |a INST |b SAMOS |c EUDOXUS |e 20140115 |h 368.01 ΚΩΝ |p 005300036271 |q 005300036271 |t EDX |y 0 |z τ.2 | ||
| 852 | |a INST |b SAMOS |c EUDOXUS |e 20140115 |h 368.01 ΚΩΝ |p 005300036272 |q 005300036272 |t EDX |y 0 |z τ.1 | ||
| 852 | |a INST |b SAMOS |c EUDOXUS |e 20140516 |h 368.01 ΚΩΝ |p 005300036705 |q 005300036705 |t EDX |y 0 |z τ.2 | ||
| 852 | |a INST |b SAMOS |c EUDOXUS |e 20140717 |h 368.01 ΚΩΝ |p 005300036904 |q 005300047567 |t EDX |y 0 |z τ.1 | ||
| 852 | |a INST |b SAMOS |c EUDOXUS |e 20141010 |h 368.01 ΚΩΝ |p 005300037065 |q 005300037065 |t EDX |y 0 |z τ.1 | ||
| 852 | |a INST |b SAMOS |c EUDOXUS |e 20141217 |h 368.01 ΚΩΝ |p 005300040986 |q 005300040986 |t EDX |y 0 |z τ.2 | ||
| 852 | |a INST |b SAMOS |c EUDOXUS |e 20150113 |h 368.01 ΚΩΝ |p 005300041173 |q 005300041173 |t EDX |y 0 |z τ.2 | ||
| 852 | |a INST |b SAMOS |c EUDOXUS |e 20150113 |h 368.01 ΚΩΝ |p 005300041174 |q 005300041174 |t EDX |y 0 |z τ.2 | ||
| 852 | |a INST |b SAMOS |c EUDOXUS |e 20130205 |h 368.01 ΚΩΝ |p 005300033465 |q 005300033465 |t EDX |v τ.1: |y 0 |z τ.1 | ||
| 852 | |a INST |b SAMOS |c EUDOXUS |e 20130205 |h 368.01 ΚΩΝ |p 005300033466 |q 005300047566 |t EDX |v τ.1: |y 0 |z τ.1 | ||
| 852 | |a INST |b SAMOS |c EUDOXUS |e 20120514 |h 368.01 ΚΩΝ |p 005300033807 |q 005300033807 |t EDX |v τ.1: |y 0 |z τ.1 | ||
| 852 | |a INST |b SAMOS |c EUDOXUS |e 20120314 |h 368.01 ΚΩΝ |p 005300033945 |q 005300033945 |t EDX |v τ.1: |y 0 |z τ.1 | ||
| 852 | |a INST |b SAMOS |c EUDOXUS |e 20131105 |h 368.01 ΚΩΝ |p 005300035974 |q 005300035974 |t EDX |v τ.2: |y 0 |z τ.2 | ||
| 852 | |a INST |b SAMOS |c EUDOXUS |e 20140115 |h 368.01 ΚΩΝ |p 005300036270 |q 005300036270 |t EDX |v τ.2: |y 0 |z τ.2 | ||
| 852 | |a INST |b SAMOS |c EUDOXUS |e 20140115 |h 368.01 ΚΩΝ |p 005300036271 |q 005300036271 |t EDX |v τ.2: |y 0 |z τ.2 | ||
| 852 | |a INST |b SAMOS |c EUDOXUS |e 20140115 |h 368.01 ΚΩΝ |p 005300036272 |q 005300036272 |t EDX |v τ.1: |y 0 |z τ.1 | ||
| 852 | |a INST |b SAMOS |c EUDOXUS |e 20140516 |h 368.01 ΚΩΝ |p 005300036705 |q 005300036705 |t EDX |v τ.2: |y 0 |z τ.2 | ||
| 852 | |a INST |b SAMOS |c EUDOXUS |e 20140717 |h 368.01 ΚΩΝ |p 005300036904 |q 005300047567 |t EDX |v τ.1: |y 0 |z τ.1 | ||
| 852 | |a INST |b SAMOS |c EUDOXUS |e 20141010 |h 368.01 ΚΩΝ |p 005300037065 |q 005300037065 |t EDX |v τ.1: |y 0 |z τ.1 | ||
| 852 | |a INST |b SAMOS |c EUDOXUS |e 20141217 |h 368.01 ΚΩΝ |p 005300040986 |q 005300040986 |t EDX |v τ.2: |y 0 |z τ.2 | ||
| 852 | |a INST |b SAMOS |c EUDOXUS |e 20150113 |h 368.01 ΚΩΝ |p 005300041173 |q 005300041173 |t EDX |v τ.2: |y 0 |z τ.2 | ||
| 852 | |a INST |b SAMOS |c EUDOXUS |e 20150113 |h 368.01 ΚΩΝ |p 005300041174 |q 005300041174 |t EDX |v τ.2: |y 0 |z τ.2 | ||
| 853 | |a INST |b SAMOS |h 368.01 ΚΩΝ | ||
| 853 | |a INST |b SAMOS |c EUDOXUS |h 368.01 ΚΩΝ | ||
| 901 | |a BIBL3-2015-1 | ||
| 901 | |a BIBL3-2014-3 | ||
| 901 | |a BIBL3-2014-2 | ||
| 901 | |a BIBL3-2014-2 | ||
| 901 | |a BIBL3-2014-1 | ||
| 901 | |a BIBL3-2013-3 | ||
| 901 | |a BIBL3-2013-3 | ||
| 901 | |a BIBL3-2013-1 | ||
| 901 | |a BIBL3-2012-1 | ||
| 901 | |a BIBL3-2012-2 | ||
| 909 | |a Σ |b 185776 | ||
| 909 | |a Σ |b 185777 | ||
| 909 | |a Σ |b 185600 | ||
| 909 | |a Σ |b 185237 | ||
| 909 | |a Σ |b 185068 | ||
| 909 | |a Σ |b 184850 | ||
| 909 | |a Σ |b 184454 | ||
| 909 | |a Σ |b 184455 | ||
| 909 | |a Σ |b 184456 | ||
| 909 | |a Σ |b 178993 | ||
| 909 | |a Σ |b 179313 | ||
| 909 | |a Σ |b 172541 | ||
| 909 | |a Σ |b 172542 | ||
| 909 | |a Σ |b 172265 | ||
| 909 | |a Σ |b 172145 | ||
| 920 | |a ΕΥΔΟΞΟΣ |b ΠΑΡΑΓΓΕΛΙΑ |y Σάμος-ΤΣΑΧΜ |z 2014-12 | ||
| 920 | |a ΕΥΔΟΞΟΣ |b ΕΠΙΣΤΡΟΦΗ |y Σάμος |z 2014-09 | ||
| 920 | |a ΕΥΔΟΞΟΣ |b ΕΠΙΣΤΡΟΦΗ |y Σάμος |z 2014-07 | ||
| 920 | |a ΕΥΔΟΞΟΣ |b ΕΠΙΣΤΡΟΦΗ |y Σάμος |z 2014-05 | ||
| 920 | |a ΕΥΔΟΞΟΣ |b ΠΑΡΑΓΓΕΛΙΑ-ΤΣΧΑΜ |y Σάμος |z 2013-12 | ||
| 920 | |a ΕΥΔΟΞΟΣ |b ΕΠΙΣΤΡΟΦΗ |y Σάμος |z 2013-09 | ||
| 920 | |a ΕΥΔΟΞΟΣ |b ΠΑΡΑΓΓΕΛΙΑ |y Σάμος-ΤΣΑΧΜ |z 2013-02 | ||
| 920 | |a ΕΥΔΟΞΟΣ |b ΕΠΙΣΤΡΟΦΗ |y Σάμος |z 2012-05 | ||
| 920 | |a ΕΥΔΟΞΟΣ |b ΕΠΙΣΤΡΟΦΗ |y Σάμος |z 2011-03 | ||
| 922 | |a 3ΕΛΗ |b 201306 |c ΤΣΑΧΜ |d BEST BOOK HUNTERS | ||
| 970 | |a ΚΟΣΙΕΡΗΣ |b ΧΡΗΣΤΟΣ |z 2012/03/14 | ||